Countries by Largest Swimming Pool - Statistics

General Stats
  • This quiz has been taken 100 times
  • The average score is 5 of 10
Answer Stats
Pool/Location Surface Area (square metres) Country % Correct
The Lagoon at Epperson 30,540.9 United States
99%
Bronte Creek Provincial Park 7,300 Canada
86%
Tooting Bec Lido 2,800 United Kingdom
83%
Nakache été 7,500 France
77%
Citystars Sharm El Sheikh 96,800 Egypt
35%
Mahasamutr 72,000 Thailand
35%
San Alfonso del Mar 80,000 Chile
30%
Freibad Weyermannshaus 16,000 Switzerland
16%
Dreamworld Resort 8,903.1 Pakistan
10%
Ostrava Poruba - Vřesina 41,200 Czech Republic
9%
No matching quizzes found
Score Distribution
Percent of People with Each Score
Percentile by Number Answered
Your Score History
You have not taken this quiz